Report of the Study Team on Promotion Policies, Conduct Rules, Discipline and Morale (Record no. 482471)

000 -LEADER
fixed length control field 00657cam a22001577a 4500
008 - FIXED-LENGTH DATA ELEMENTS--GENERAL INFORMATION
fixed length control field 180718b1967 xxu||||| |||| 00| 0 eng d
082 ## - DEWEY DECIMAL CLASSIFICATION NUMBER
Classification number I5135x54 AR/PPC/ST
100 ## - MAIN ENTRY--PERSONAL NAME
Personal name India. Study Team on Promotion Policies, Conduct Rules, Discipline and Morale
245 ## - TITLE STATEMENT
Title Report of the Study Team on Promotion Policies, Conduct Rules, Discipline and Morale
Statement of responsibility, etc. by Administrative Reforms Commission
260 ## - PUBLICATION, DISTRIBUTION, ETC.
Place of publication, distribution, etc. Delhi
Name of publisher, distributor, etc. Manager of Publications
Date of publication, distribution, etc. 1967
300 ## - PHYSICAL DESCRIPTION
Extent 2v.
500 ## - GENERAL NOTE
General note Contents: v.1. 338p.;v.2. p.339-528
650 ## - SUBJECT ADDED ENTRY--TOPICAL TERM
Topical term or geographic name entry element Administrative reorganisation - India
700 ## - ADDED ENTRY--PERSONAL NAME
Personal name Nagarkatti, K.N. (Chairman)
700 ## - ADDED ENTRY--PERSONAL NAME
Personal name India. Administrative Reforms Commission
Holdings
Withdrawn status Lost status Damaged status Not for loan Permanent Location Current Location Date acquired Full call number Barcode Date last seen Price effective from Koha item type
        Indian Institute of Public Administration Indian Institute of Public Administration 2018-08-04 I5135x54 AR/PPC/ST GG20390 2018-08-04 2018-08-04 GG
        Indian Institute of Public Administration Indian Institute of Public Administration 2018-08-04 I5135x54 AR/PPC/ST GG20389 2018-08-04 2018-08-04 GG
        Indian Institute of Public Administration Indian Institute of Public Administration 2018-08-04 I5135x54 AR/PPC/ST GG15188 2018-08-04 2018-08-04 GG
        Indian Institute of Public Administration Indian Institute of Public Administration 2018-08-04 I5135x54 AR/PPC/ST GG9655 2018-08-04 2018-08-04 GG

Powered by Koha